000 00692nam a2200253Ia 4500
003 OSt
005 20220918164719.0
006 a|||||r|||| 00| 0
007 ta
008 220917b |||||||| |||| 00| 0 eng d
020 _a0714644293 (pbk)
024 _a172,867
037 _cTextual
040 _aARTS
_cARTS
_beng
041 _2eng
_aeng
082 _aV3:1746.N19, N9(SC)
100 _aFisher John
_920228
245 0 _aCurzon and British imperialisminthe Middle East 1916-19
260 _aLondon
_bFrank Cass
_c1999
300 _axvi,342p
_ccm.
650 _aHISTORY
942 _hV3:1746.N19, N9(SC)
_cTEXL
_2CC
999 _c126109
_d126109